000
00218nam a2200097Ia 4500
005
20251222114345.0
008
251222s1900||||xx |||||||||||||| ||spa||
082
_a
DVD0070/W17D/2005/Ej.2
245
0
_a
Danton:
942
_c
DVD
999
_c
1021
_d
1021